FRC Teams with the Most Einstein Appearances - Statistics

General Stats
  • This quiz has been taken 28 times
  • The average score is 14 of 64
Answer Stats
Number of Appearances Team % Correct
2 16
100%
5 25
100%
7 1678
96%
8 254
96%
4 118
85%
2 1323
73%
6 2056
73%
5 111
62%
3 33
62%
5 1114
54%
7 67
54%
6 148
50%
2 971
38%
4 973
35%
2 125
31%
6 987
31%
9 217
27%
3 60
27%
4 71
27%
2 180
23%
2 2767
23%
3 175
19%
7 177
19%
2 179
19%
2 2481
19%
4 330
19%
2 294
15%
2 3310
15%
4 195
12%
2 3339
12%
5 469
12%
2 173
8%
2 2046
8%
5 233
8%
4 3476
8%
2 1477
4%
2 1625
4%
3 2122
4%
2 3132
4%
2 503
4%
2 64
4%
3 862
4%
2 1126
0%
3 1218
0%
3 1241
0%
3 144
0%
2 1511
0%
3 1640
0%
2 1986
0%
2 2052
0%
2 2848
0%
2 2907
0%
2 302
0%
2 3357
0%
2 340
0%
2 3538
0%
2 3707
0%
2 4003
0%
3 494
0%
2 5050
0%
2 51
0%
2 548
0%
2 868
0%
3 968
0%
No matching quizzes found
Score Distribution
Percent of People with Each Score
Percentile by Number Answered
Your Score History
You have not taken this quiz